Champions du monde de Formule 1 : 2000s - Statistiques

Statistiques générales
  • Ce quiz a été pris 61 fois
  • Le résultat moyen est 9 sur 10
Statistiques - réponses
Hint Team Réponse % Correct
2005 Renault Fernando Alonso
100%
2006 Renault Fernando Alonso
100%
2008 McLaren Lewis Hamilton
97%
2000 Ferrari Michael Schumacher
95%
2001 Ferrari Michael Schumacher
95%
2002 Ferrari Michael Schumacher
95%
2003 Ferrari Michael Schumacher
95%
2004 Ferrari Michael Schumacher
95%
2007 Ferrari Kimi Räikkönen
92%
2009 Brawn Jenson Button
83%
Aucun quiz correspondant
Distribution des résultats
% des personnes avec chaque résultat
Percentile par nombre de réponses
Votre historique - résultats
Vous n’avez pas pris ce quiz